<?xml version="1.0" encoding="UTF-8"?>
<record
    xmlns:xsi="http://www.w3.org/2001/XMLSchema-instance"
    xsi:schemaLocation="http://www.loc.gov/MARC21/slim http://www.loc.gov/standards/marcxml/schema/MARC21slim.xsd"
    xmlns="http://www.loc.gov/MARC21/slim">

  <leader>03138nam a2200565Ia 4500</leader>
  <controlfield tag="001">24</controlfield>
  <controlfield tag="008">241029s9999    xx            000 0 und d</controlfield>
  <datafield tag="010" ind1=" " ind2=" ">
    <subfield code="a">19</subfield>
  </datafield>
  <datafield tag="041" ind1=" " ind2=" ">
    <subfield code="a">Espa&#xF1;ol</subfield>
  </datafield>
  <datafield tag="082" ind1=" " ind2=" ">
    <subfield code="a">MLLE-004</subfield>
  </datafield>
  <datafield tag="245" ind1=" " ind2="0">
    <subfield code="a">An&#xE1;lisis de las estrategias utilizadas por los y las docentes para promover la aplicaci&#xF3;n de los signos de puntuaci&#xF3;n en el 5to. Grado del segundo ciclo del nivel b&#xE1;sico en el Centro Educativo Escuela Parroquial Las Carmelitas, Polit&#xE9;cnico Femenino Mercedes Morel y el Hatico del Distrito 06-04 de la Vega. A&#xF1;o 2011-2012.</subfield>
  </datafield>
  <datafield tag="260" ind1=" " ind2=" ">
    <subfield code="a">Santiago</subfield>
  </datafield>
  <datafield tag="300" ind1=" " ind2=" ">
    <subfield code="a">89</subfield>
  </datafield>
  <datafield tag="520" ind1=" " ind2=" ">
    <subfield code="a">5</subfield>
  </datafield>
  <datafield tag="630" ind1=" " ind2=" ">
    <subfield code="a">Actitud de los Estudiantes</subfield>
  </datafield>
  <datafield tag="630" ind1=" " ind2=" ">
    <subfield code="a">Docentes</subfield>
  </datafield>
  <datafield tag="630" ind1=" " ind2=" ">
    <subfield code="a">Estrategia</subfield>
  </datafield>
  <datafield tag="630" ind1=" " ind2=" ">
    <subfield code="a">Estrategia Docente</subfield>
  </datafield>
  <datafield tag="650" ind1=" " ind2=" ">
    <subfield code="a">Competencias Educativas</subfield>
  </datafield>
  <datafield tag="690" ind1=" " ind2=" ">
    <subfield code="a">Copiado sin cambios</subfield>
  </datafield>
  <datafield tag="700" ind1=" " ind2=" ">
    <subfield code="e">asesor</subfield>
    <subfield code="a">Pe&#xF1;a, Denicy Altagracia </subfield>
  </datafield>
  <datafield tag="700" ind1=" " ind2=" ">
    <subfield code="e">autor</subfield>
    <subfield code="a">J&#xE1;quez Blanco , Licces del Pilar</subfield>
  </datafield>
  <datafield tag="700" ind1=" " ind2=" ">
    <subfield code="e">autor</subfield>
    <subfield code="a">Rodr&#xED;guez G&#xF3;mez , Cristina Esperanza</subfield>
  </datafield>
  <datafield tag="901" ind1=" " ind2=" ">
    <subfield code="a">{"1":"J&#xE1;quez Blanco ","2":"Rodr&#xED;guez G&#xF3;mez "}</subfield>
    <subfield code="b">{"1":"Licces del Pilar","2":"Cristina Esperanza"}</subfield>
  </datafield>
  <datafield tag="902" ind1=" " ind2=" ">
    <subfield code="a">1</subfield>
  </datafield>
  <datafield tag="903" ind1=" " ind2=" ">
    <subfield code="a">{"1":"Pe&#xF1;a"}</subfield>
    <subfield code="b">{"1":"Denicy Altagracia "}</subfield>
  </datafield>
  <datafield tag="904" ind1=" " ind2=" ">
    <subfield code="a">Mag&#xED;ster en</subfield>
  </datafield>
  <datafield tag="905" ind1=" " ind2=" ">
    <subfield code="a">Matem&#xE1;tica Educativa</subfield>
  </datafield>
  <datafield tag="906" ind1=" " ind2=" ">
    <subfield code="a">1</subfield>
  </datafield>
  <datafield tag="907" ind1=" " ind2=" ">
    <subfield code="a">Orientada en</subfield>
  </datafield>
  <datafield tag="908" ind1=" " ind2=" ">
    <subfield code="a">Matem&#xE1;tica Educativa</subfield>
  </datafield>
  <datafield tag="909" ind1=" " ind2=" ">
    <subfield code="a">ISFODOSU, Recinto Lu&#xED;s Napole&#xF3;n N&#xFA;&#xF1;ez Molina</subfield>
  </datafield>
  <datafield tag="910" ind1=" " ind2=" ">
    <subfield code="a">NULL</subfield>
    <subfield code="b">NULL</subfield>
  </datafield>
  <datafield tag="911" ind1=" " ind2=" ">
    <subfield code="a">["1"]</subfield>
  </datafield>
  <datafield tag="912" ind1=" " ind2=" ">
    <subfield code="a">NO APLICA</subfield>
  </datafield>
  <datafield tag="913" ind1=" " ind2=" ">
    <subfield code="a">NULL</subfield>
  </datafield>
  <datafield tag="914" ind1=" " ind2=" ">
    <subfield code="a">01 de Marzo de 2012</subfield>
  </datafield>
  <datafield tag="915" ind1=" " ind2=" ">
    <subfield code="a">04/11/19 11:11</subfield>
  </datafield>
  <datafield tag="916" ind1=" " ind2=" ">
    <subfield code="a">NULL</subfield>
  </datafield>
  <datafield tag="917" ind1=" " ind2=" ">
    <subfield code="a">NULL</subfield>
  </datafield>
  <datafield tag="918" ind1=" " ind2=" ">
    <subfield code="a">NO APLICA</subfield>
  </datafield>
  <datafield tag="919" ind1=" " ind2=" ">
    <subfield code="a">["5","70","92","94"]</subfield>
  </datafield>
  <datafield tag="520" ind1=" " ind2=" ">
    <subfield code="a">Esta investigaci&#xF3;n present&#xF3; el an&#xE1;lisis de las estrategias utilizadas por los y las docentes para promover la apropiaci&#xF3;n de los signos de puntuaci&#xF3;n en Quinto Grado del Nivel B&#xE1;sico en los Centros Educativos Escuela Parroquial Las Carmelitas, Polit&#xE9;cnico Femenino Mercedes Morel y el Centro Educativo El Hatico, en el transcurso del a&#xF1;o 2011-2012. Contando con un total de seis (6) docentes en el &#xE1;rea de Lengua Espa&#xF1;ola y doscientos veinticuatro (224) estudiantes para constatar las respuestas entre ambos participantes perteneciente al Distrito 06-04 de la provincia de La Vega.Los datos del estudio fueron recogidos mediante la t&#xE9;cnica del cuestionario y fueron analizados mediante el programa SPSS.Se determin&#xF3; que las estrategias que utilizan los y las docentes para la ense&#xF1;anza de los signos de puntuaci&#xF3;n en las clases de Lengua Espa&#xF1;ola, en los centros objeto de estudio, promueven poco en sus alumnos la adquisici&#xF3;n de los signos de puntuaci&#xF3;n de forma funcional. Ocurre lo mismo con las estrategias empleadas para evaluar el aprendizaje de sus ni&#xF1;os y ni&#xF1;as en torno a estos signos. A pesar de ser maestros y maestras formados profesionalmente en una &#xE9;poca de cambio y transformaciones curriculares, a&#xFA;n se evidencia lo dif&#xED;cil que se les hace a estos maestros y maestras implementar nuevos cambios en su labor educativa.</subfield>
  </datafield>
  <datafield tag="921" ind1=" " ind2=" ">
    <subfield code="a">11</subfield>
  </datafield>
  <datafield tag="922" ind1=" " ind2=" ">
    <subfield code="a">11</subfield>
  </datafield>
  <datafield tag="923" ind1=" " ind2=" ">
    <subfield code="a">0</subfield>
  </datafield>
  <datafield tag="924" ind1=" " ind2=" ">
    <subfield code="a">NO APLICA</subfield>
  </datafield>
  <datafield tag="942" ind1=" " ind2=" ">
    <subfield code="c">Tesis</subfield>
  </datafield>
  <datafield tag="999" ind1=" " ind2=" ">
    <subfield code="c">19</subfield>
    <subfield code="d">19</subfield>
  </datafield>
</record>
